Complex analysis: An introduction to the theory of analytic functions of one complex variable (Record no. 1379047)

MARC details
000 -LEADER
fixed length control field 00679nam a2200217Ia 4500
005 - DATE AND TIME OF LATEST TRANSACTION
control field 20250508162842.0
008 - FIXED-LENGTH DATA ELEMENTS--GENERAL INFORMATION
fixed length control field 008 250505s9999 xx 000 0 eng d
020 ## - INTERNATIONAL STANDARD BOOK NUMBER
International Standard Book Number 0-07-000657-1
037 ## - SOURCE OF ACQUISITION
Stock number Textual
040 ## - CATALOGING SOURCE
Original cataloging agency FEDL
Language of cataloging eng
Transcribing agency FEDL
041 ## - LANGUAGE CODE
Language code of text/sound track or separate title eng
Source of code eng
084 ## - COLON CLASSIFICATION NUMBER
Classification number 515.93, AHL
Assigning agency FEDL
100 ## - MAIN ENTRY--PERSONAL NAME
Personal name Ahlfors Lars V
245 #0 - TITLE STATEMENT
Title Complex analysis: An introduction to the theory of analytic functions of one complex variable
250 ## - EDITION STATEMENT
Edition statement 3
260 ## - PUBLICATION, DISTRIBUTION, ETC.
Place of publication, distribution, etc. Auckland
Name of publisher, distributor, etc. McGraw Hill Book Company
Date of publication, distribution, etc. 1979
300 ## - PHYSICAL DESCRIPTION
Extent xiv,331p
490 ## - SERIES STATEMENT
Series statement International series in pure and applied mathematics
942 ## - ADDED ENTRY ELEMENTS (KOHA)
Koha item type Textual
Classification part 515.93, AHL
Holdings
Withdrawn status Lost status Damaged status Not for loan Home library Current library Date acquired Total Checkouts Full call number Barcode Date last seen Price effective from Koha item type
        Department of Education Library Department of Education Library 2025-05-08   515.93, AHL EL0071914 2025-05-08 2025-05-08 Textual
Copyright @ Delhi University Library System